000 00474nam a2200133 4500
999 _c14169
_d14169
008 190903b ||||| |||| 00| 0 eng d
082 _aDPer 050 T48 Apr-June 2016 v. 187 n. 12-24
100 _939294
_aZacharek, Stephanie.
245 _aWhy money monster will make you mad as hell/
_cStephanie Zacharek.
260 _aHong Kong:
_bTime Asia,
_cc2016.
300 _av187 n19, pages 44-45:
_billustrations;
_c27 cm.
650 _aMotion picture plays.
_939164
942 _2ddc
_cPER